000 00800nam a2200253Ia 4500
003 OSt
005 20221005113348.0
006 a|||||r|||| 00| 0
007 ta
008 221004b |||||||| |||| 00| 0 pan d
020 _a8179822508 (hbk)
024 _a15261
037 _bGift, 20/01/2015,
_cTextual
040 _aCRL
_cCRL
_bpan
041 _2pan
_apan
082 _aO153,1NCH2x, Q4
100 _aਅਮੀ੍ਵ ਚੰਦ
245 0 _aਹਾਇਕ ਸਵੇਰਾ
260 _aਬਰਨਾਲਾ
_bਤਰਕਭਾਰਤੀ ਪ੍ਰਕਾFਨ ਭਾਰਤ
_c2014
300 _a88ਪੰ
_ccm.
650 _aਪੰਜਾਬੀ ਸਾਹਿਤ
942 _hO153,1NCH2x, Q4
_cTEXL
_2cc
999 _c1027913
_d1027913